| 000 | 00451nam a22001577a 4500 | ||
|---|---|---|---|
| 999 |
_c3315 _d3315 |
||
| 008 | 200409b ||||| |||| 00| 0 eng d | ||
| 020 | _a8185594317 | ||
| 082 | 0 | 0 |
_a620.00222 _bB5755 |
| 100 |
_91437 _aBhatt, N. D. |
||
| 245 | 1 | 0 |
_aElementary Engineering Drawing (Plane and Solid Geometry) / _cby N. D. Bhatt |
| 250 | _a47th ed. | ||
| 260 |
_aAnand _bCharotar Publication _c2004 |
||
| 300 | _axvii, 600 p. | ||
| 650 | 0 | _aMechanical Drawing | |
| 942 | _cBK | ||